000 00388nam a2200169Ia 4500
005 20240823011348.0
008 240823s9999||||xx |||||||||||||| ||und||
082 _A621.366 N2
100 _a"Hecht,Jeff"
245 4 _aThe Laser Guidebook
250 _a2nd
260 _c1992
_b"MGH,New York"
500 _aYES
650 _aElectronics
_bElectronics
942 _cBK
999 _c161311
_d161311